Effect of different rates of KLC fertilizer on growth of sweet potato growth in crop sstation of royal university of agriculture ; ឥទ្ធិពលនៃកម្រិតជីប៉ូតាស្យូមក្លរួខុសគ្នាទៅលើការលូតលាស់ដំណាំដំឡូងជ្វានៅស្ថានីយ៍ពិសោធន៍នៃសាកលវិទ្យាល័យភូមិន្ទកសិកម្ម (Record no. 10743)

000 -LEADER
fixed length control field 00775nam a22001337a 4500
040 ## - CATALOGING SOURCE
Transcribing agency RUA
082 ## - DEWEY DECIMAL CLASSIFICATION NUMBER
Classification number AGR LEN 2015 B519 Or.1
100 ## - MAIN ENTRY--AUTHOR NAME
Personal name LENG SEIHA; ឡេង សីហា
245 ## - TITLE STATEMENT
Title Effect of different rates of KLC fertilizer on growth of sweet potato growth in crop sstation of royal university of agriculture ; ឥទ្ធិពលនៃកម្រិតជីប៉ូតាស្យូមក្លរួខុសគ្នាទៅលើការលូតលាស់ដំណាំដំឡូងជ្វានៅស្ថានីយ៍ពិសោធន៍នៃសាកលវិទ្យាល័យភូមិន្ទកសិកម្ម
260 ## - PUBLICATION, DISTRIBUTION, ETC. (IMPRINT)
Place of publication Phnom Penh
Name of publisher RUA
Year of publication 2015
300 ## - PHYSICAL DESCRIPTION
Number of Pages ix; 40p;
Other physical details ill;
Dimensions 29cm;
856 ## - ELECTRONIC LOCATION AND ACCESS
Uniform Resource Identifier LENG SEIHA
942 ## - ADDED ENTRY ELEMENTS (KOHA)
Koha item type AGR
952 ## - LOCATION AND ITEM INFORMATION (KOHA)
Withdrawn status [LOCAL, KOHA] 0
952 ## - LOCATION AND ITEM INFORMATION (KOHA)
Withdrawn status [LOCAL, KOHA] 0
952 ## - LOCATION AND ITEM INFORMATION (KOHA)
Withdrawn status [LOCAL, KOHA] 0
952 ## - LOCATION AND ITEM INFORMATION (KOHA)
Withdrawn status [LOCAL, KOHA] 0
952 ## - LOCATION AND ITEM INFORMATION (KOHA)
Withdrawn status [LOCAL, KOHA] 0
952 ## - LOCATION AND ITEM INFORMATION (KOHA)
Withdrawn status [LOCAL, KOHA] 0
952 ## - LOCATION AND ITEM INFORMATION (KOHA)
Withdrawn status [LOCAL, KOHA] 0
952 ## - LOCATION AND ITEM INFORMATION (KOHA)
Withdrawn status [LOCAL, KOHA] 0
952 ## - LOCATION AND ITEM INFORMATION (KOHA)
Withdrawn status [LOCAL, KOHA] 0
Holdings
Permanent Location Date acquired Koha item type Lost status Shelving location Barcode Current Location Full call number
Library Block B2016-11-04AGR B519A02107Library Block BAGR LEN 2015 B519 Or.1
Library Block B2016-11-04AGR B519A02678Library Block BAGR LEN 2015 B519 Or.2
Library Block B2016-11-04AGR B519A00943Library Block BAGR LEN 2015 B519 Or.3
Library Block B2016-11-04AGR B519A00609Library Block BAGR LEN 2015 B519 Or.4
Library Block B2016-11-04AGR B519A02097Library Block BAGR LEN 2015 B519 Or.5
Library Block B2016-11-04AGR B519A02090Library Block BAGR LEN 2015 B519 Or.6
Library Block B2016-11-04AGR B519A02192Library Block BAGR LEN 2015 B519 Or.7
Library Block B2021-12-15AGR B642a066294Library Block BAGR LEN 2015 B642 Or.1
Library Block B2021-12-15AGR B642a066234Library Block BAGR LEN 2015 B642 Or.1
មជ្ឈមណ្ឌលឯការនៃសាកលវិទ្យាល័យភូមិន្ទកសិកម្មចំការដូង

Powered by Koha